|
|
|
|
| LEADER |
00000nab#a22000007a#4500 |
| 001 |
arbauad000713 |
| 003 |
AR-BaUAD |
| 005 |
20250711110409.0 |
| 008 |
930615|||||||||###||||||b###|0###a|spa|| |
| 040 |
|
|
|a AR-BaUAD
|c AR-BaUAD
|b spa
|
| 100 |
|
|
|a Rascaroli, Luca
|
| 245 |
|
|
|a Un designer e il suo metodo di lavoro /
|c Luca Rascaroli;
|
| 300 |
0 |
|
|b fot., cortes, detalles
|
| 653 |
|
|
|a AUTOMOVILES
|
| 653 |
|
|
|a DISEÑO INDUSTRIAL
|
| 773 |
0 |
|
|t OTTAGONO
|g no. 81 [JUN. 1986], p. 74-77
|
| 942 |
|
|
|c ARTI
|
| 952 |
|
|
|0 0
|1 0
|4 0
|7 0
|9 45634
|a AR-BAuAD
|b AR-BAuAD
|d 2025-07-11
|l 0
|p AAQA000713
|r 2025-07-11 11:04:09
|w 2025-07-11
|y ARTI
|
| 990 |
|
|
|a DI198
|b TD
|
| 998 |
|
|
|a AAQ
|b BIBUN76
|
| 999 |
|
|
|c 25307
|d 25307
|